[Event "Cappelle op 22nd"]
[Site "Cappelle la Grande"]
[Date "2006.02.23"]
[Round "7"]
[White "Ninov, Nikolai"]
[Black "Depyl, Pascal"]
[Result "0-1"]
[WhiteElo "2513"]
[BlackElo "2201"]
[PlyCount "90"]
[EventDate "2006.02.18"]
[EventType "swiss"]
[EventRounds "10"]
[EventCountry "FRA"]
[SourceTitle "CBM 110 Extra"]
[Source "ChessBase"]
[SourceDate "2006.03.10"]
[SourceVersion "2"]
[SourceVersionDate "2006.03.10"]
[SourceQuality "1"]

1. e4 d6 2. d4 Nf6 3. Nc3 Nbd7 4. f4 e5 5. Be3 c6 6. Nf3 Qa5 7. Nd2 Be7 8. Nc4 Qc7 9. a4 0-0 10. Be2 exd4 11. Qxd4 d5 12. exd5 Nxd5 13. Nxd5 cxd5 14. Qxd5 Bh4+ 15. g3 Bf6 16. Kf2 Nb6 17. Qc5 Qxc5 18. Bxc5 Nxc4 19. Bxc4 Rd8 20. Rad1 Rxd1 21. Rxd1 Bg4 22. Re1 h5 23. c3 Rd8 24. Be3 b6 25. Be2 Rd5 26. Ra1 g6 27. a5 bxa5 28. Bc4 Rd1 29. Rxd1 Bxd1 30. Bxa7 h4 31. Ke1 Bf3 32. Bb6 hxg3 33. hxg3 a4 34. Bc5 Bc6 35. Kd2 g5 36. f5 g4 37. Be2 Be5 38. Bf2 Bf3 39. Bxf3 gxf3 40. Ke3 Bxc3 41. Kd3 Bxb2 42. g4 f6 43. Be3 a3 44. Kc2 Kf7 45. Kb3 Ke8 0-1

[Event "FRA-chT2 0405"]
[Site "France"]
[Date "2005.01.08"]
[Round "5.5"]
[White "Kirszenberg, Marc"]
[Black "Depyl, Pascal"]
[Result "1-0"]
[WhiteElo "2233"]
[BlackElo "2175"]
[PlyCount "71"]
[EventDate "2004.10.10"]
[EventType "team-tourn"]
[EventRounds "11"]
[EventCountry "FRA"]
[SourceTitle "EXT 2006"]
[Source "ChessBase"]
[SourceDate "2005.11.24"]
[SourceVersion "1"]
[SourceVersionDate "2005.11.24"]
[SourceQuality "1"]
[WhiteTeam "Rueil Malmaison"]
[BlackTeam "Maromme"]
[WhiteTeamCountry "FRA"]
[BlackTeamCountry "FRA"]

1. d4 g6 2. c4 Bg7 3. Nc3 c5 4. d5 Bxc3+ 5. bxc3 f5 6. g4 fxg4 7. h3 g3 8. fxg3 Qa5 9. Qd3 d6 10. e4 Nf6 11. Bd2 Nbd7 12. Nf3 Ne5 13. Nxe5 dxe5 14. Bg2 Bd7 15. 0-0 h6 16. Be3 0-0-0 17. Rf2 Ba4 18. Qd2 g5 19. Rf5 Qc7 20. Qb2 Bd7 21. Rf2 Be8 22. a4 Bg6 23. Qa3 Nd7 24. a5 Rhf8 25. Rb2 Rf6 26. Rab1 b6 27. Rb5 Rdf8 28. axb6 Rxb6 29. Bxc5 Nxc5 30. Rxc5 Rxb1+ 31. Kh2 Qxc5 32. Qxc5+ Kd8 33. d6 Rb7 34. dxe7+ Rxe7 35. Qd6+ Rd7 36. Qxf8+ 1-0

[Event "FRA-chT2S 0203"]
[Site "France"]
[Date "2002.11.16"]
[Round "2.6"]
[White "Nizard, Roger"]
[Black "Depyl, Pascal"]
[Result "0-1"]
[WhiteElo "2167"]
[BlackElo "2185"]
[PlyCount "90"]
[EventDate "2002.10.??"]
[EventType "team-tourn"]
[EventRounds "11"]
[EventCountry "FRA"]
[SourceTitle "EXT 2004"]
[Source "ChessBase"]
[SourceDate "2003.11.25"]
[SourceVersion "1"]
[SourceVersionDate "2003.11.25"]
[SourceQuality "1"]
[WhiteTeam "Creteil"]
[BlackTeam "Maromme"]
[WhiteTeamCountry "FRA"]
[BlackTeamCountry "FRA"]

1. d4 d6 2. c4 e5 3. Nf3 e4 4. Nfd2 f5 5. Nc3 Nf6 6. e3 g6 7. Be2 Bg7 8. b3 0-0 9. Bb2 c5 10. d5 Nbd7 11. Qc2 Ne5 12. 0-0-0 a6 13. f4 Neg4 14. Bxg4 Nxg4 15. Nf1 b5 16. h3 Nf6 17. Nd2 b4 18. Ne2 a5 19. g4 a4 20. bxa4 Bd7 21. gxf5 Rxa4 22. Kb1 Qa8 23. Bxf6 Bxf6 24. fxg6 Rxa2 25. gxh7+ Kh8 26. Qxa2 Qxa2+ 27. Kxa2 Ra8+ 28. Kb1 Ra1+ 29. Kc2 Ba4+ 30. Nb3 Ra2+ 31. Kb1 Bxb3 32. Nd4 cxd4 33. exd4 Bxc4 34. Rc1 Bxd5 35. Rc8+ Kxh7 36. Rc7+ Kh6 37. Rd7 Ra6 38. Rd1 e3 39. Kc2 Be6 40. Rb7 Ra2+ 41. Kd3 Ra3+ 42. Kc2 Bf5+ 43. Kb2 e2 44. Re1 Bxd4+ 45. Kc1 Bc3 0-1

[Event "Dieppe op 3rd"]
[Site "Dieppe"]
[Date "2002.07.31"]
[Round "5"]
[White "Murey, Jacob"]
[Black "Depyl, Pascal"]
[Result "1-0"]
[WhiteElo "2496"]
[BlackElo "2185"]
[PlyCount "57"]
[EventDate "2002.??.??"]
[EventType "swiss"]
[EventRounds "9"]
[EventCountry "FRA"]
[SourceTitle "EXT 2005"]
[Source "ChessBase"]
[SourceDate "2004.11.15"]
[SourceVersion "1"]
[SourceVersionDate "2004.11.15"]
[SourceQuality "1"]

1. d4 d6 2. e4 Nf6 3. Nc3 c6 4. f4 Qa5 5. Qd2 e5 6. Nf3 exf4 7. Qxf4 Be7 8. Bd2 0-0 9. Bc4 Qh5 10. e5 dxe5 11. dxe5 Ne8 12. h3 Qf5 13. Qe3 Qxc2 14. e6 f6 15. Nd4 Qg6 16. Bd3 f5 17. 0-0-0 f4 18. Bxg6 fxe3 19. Bf7+ Kh8 20. Bxe3 Nd6 21. Rhf1 Na6 22. g4 Nc7 23. Nf5 Nxf7 24. exf7 Bxf5 25. Rxf5 Rad8 26. Rxd8 Rxd8 27. Ne4 g6 28. Re5 Bf8 29. Bg5 1-0

[Event "Dieppe op 3rd"]
[Site "Dieppe"]
[Date "2002.07.30"]
[Round "4"]
[White "Vappereau, Xavier"]
[Black "Depyl, Pascal"]
[Result "0-1"]
[WhiteElo "1830"]
[BlackElo "2185"]
[PlyCount "36"]
[EventDate "2002.??.??"]
[EventType "swiss"]
[EventRounds "9"]
[EventCountry "FRA"]
[SourceTitle "EXT 2005"]
[Source "ChessBase"]
[SourceDate "2004.11.15"]
[SourceVersion "1"]
[SourceVersionDate "2004.11.15"]
[SourceQuality "1"]

1. d4 d6 2. c4 e5 3. d5 f5 4. f3 Qh4+ 5. g3 Qxc4 6. e4 Qb4+ 7. Bd2 Qb6 8. Nc3 fxe4 9. fxe4 Nf6 10. Qc2 c5 11. Na4 Qd8 12. b4 b6 13. Bb5+ Bd7 14. Bxd7+ Qxd7 15. bxc5 bxc5 16. Nb2 Qg4 17. Qa4+ Nbd7 18. Ne2 Qxe4 0-1

[Event "Cappelle op 16th"]
[Site "Cappelle la Grande"]
[Date "2000.02.21"]
[Round "4"]
[White "Depyl, Pascal"]
[Black "Gurevich, Vladimir"]
[Result "1/2-1/2"]
[WhiteElo "2208"]
[BlackElo "2502"]
[PlyCount "99"]
[EventDate "2000.02.19"]
[EventType "swiss"]
[EventRounds "9"]
[EventCountry "FRA"]
[SourceTitle "CBM 074 Extra"]
[Source "ChessBase"]
[SourceDate "2000.03.10"]
[SourceVersion "2"]
[SourceVersionDate "2000.03.10"]
[SourceQuality "1"]

1. d4 Nf6 2. Bg5 d6 3. Bxf6 exf6 4. e3 f5 5. Bd3 g6 6. Ne2 Nd7 7. Nf4 Nf6 8. h4 Bh6 9. Qf3 c6 10. Nc3 Qa5 11. 0-0-0 Be6 12. Kb1 0-0-0 13. Nxe6 fxe6 14. e4 d5 15. exf5 exf5 16. g4 Ne4 17. Bxe4 fxe4 18. Qh3 Bf4 19. f3 exf3 20. g5+ Kb8 21. Rhf1 Rhf8 22. Rxf3 Bd6 23. Rdf1 Rxf3 24. Qxf3 Qc7 25. Qf7 Bg3 26. h5 Qxf7 27. Rxf7 gxh5 28. Rxh7 h4 29. g6 Rg8 30. g7 Kc7 31. Ne2 Kd7 32. Ng1 Ke6 33. Nf3 Kf5 34. Nxh4+ Bxh4 35. Rxh4 Rxg7 36. Kc1 Rg1+ 37. Kd2 Rg4 38. Rxg4 Kxg4 39. Ke3 Kg3 40. c3 a5 41. b3 Kg4 42. a3 Kg3 43. a4 Kg4 44. Ke2 Kf4 45. Kf2 Ke4 46. Ke2 Kf4 47. Kf2 Kg4 48. Ke2 Kg3 49. Ke3 Kg4 50. Ke2 1/2-1/2

[Event "Cappelle op 12th"]
[Site "Cappelle la Grande"]
[Date "1996.??.??"]
[Round "6"]
[White "Depyl, Pascal"]
[Black "Sher, Miron Naumovich"]
[Result "0-1"]
[WhiteElo "2185"]
[BlackElo "2500"]
[PlyCount "66"]
[EventDate "1996.02.??"]
[EventType "swiss"]
[EventRounds "9"]
[EventCountry "FRA"]
[SourceTitle "CBM 051 Extra"]
[Source "ChessBase"]
[SourceDate "1996.05.01"]
[SourceVersion "1"]
[SourceVersionDate "1996.05.01"]
[SourceQuality "1"]

1. e4 c5 2. Nf3 d6 3. d3 Nc6 4. g3 g6 5. Bg2 Bg7 6. 0-0 e5 7. c3 Nge7 8. a3 0-0 9. b4 cxb4 10. axb4 b5 11. Na3 Rb8 12. Bb2 h6 13. Nc2 a5 14. bxa5 Nxa5 15. Nd2 Nac6 16. Ba3 Be6 17. Nb4 Nxb4 18. Bxb4 Nc6 19. Rb1 Qd7 20. Qc2 Ra8 21. Rb2 Ra4 22. Rfb1 Rfa8 23. Nf1 Ra2 24. Qc1 h5 25. Rxa2 Rxa2 26. Qe3 Qc7 27. Qe1 Bh6 28. Ne3 Nxb4 29. cxb4 Qa7 30. Nd1 Bd2 31. Qf1 Qd4 32. Bh3 Bxh3 33. Qxh3 Qxd3 0-1

[Event "FRA-ch Accession"]
[Site "Chambery"]
[Date "1994.??.??"]
[Round "2"]
[White "Depyl, Pascal"]
[Black "Fantin, Ludwig"]
[Result "1/2-1/2"]
[WhiteElo "2185"]
[BlackElo "1900"]
[PlyCount "99"]
[EventDate "1994.??.??"]
[EventType "swiss"]
[EventRounds "11"]
[EventCountry "FRA"]
[SourceTitle "EXT 2004"]
[Source "ChessBase"]
[SourceDate "2003.11.25"]
[SourceVersion "1"]
[SourceVersionDate "2003.11.25"]
[SourceQuality "1"]

1. d4 Nf6 2. c4 g6 3. Nc3 Bg7 4. e4 d6 5. h3 0-0 6. Bg5 c5 7. d5 e6 8. Bd3 exd5 9. exd5 Nbd7 10. f4 h6 11. Bh4 Qe8+ 12. Nge2 a6 13. a4 Nh7 14. 0-0 Ndf6 15. Qd2 Bd7 16. a5 Rd8 17. Ng3 Bc8 18. Bc2 Qd7 19. Na4 Rde8 20. Nb6 Qc7 21. Kh2 Bd7 22. Nxd7 Nxd7 23. Ba4 Nhf6 24. Rae1 Kh7 25. Bc2 Rxe1 26. Rxe1 Re8 27. Rxe8 Nxe8 28. Nh5 Bxb2 29. g4 Bf6 30. Nxf6+ Ndxf6 31. Qe1 Qd8 32. g5 hxg5 33. Bxg5 Qd7 34. f5 Kg7 35. fxg6 fxg6 36. Qh4 Nh5 37. Bc1 Qf7 38. Bb2+ Nef6 39. Qg5 Qe7 40. Qxg6+ Kf8 41. Qh6+ Kg8 42. Bd1 Qe1 43. Qg5+ Kf8 44. Bxf6 Qf2+ 45. Qg2 Qf4+ 46. Kh1 Nxf6 47. Qf3 Qh4 48. Be2 Kf7 49. Kg2 Qg5+ 50. Kf2 1/2-1/2

[Event "FRA-ch Accession"]
[Site "Chambery"]
[Date "1994.??.??"]
[Round "11"]
[White "Depyl, Pascal"]
[Black "Sargos, Patrick"]
[Result "1/2-1/2"]
[WhiteElo "2185"]
[BlackElo "2280"]
[PlyCount "93"]
[EventDate "1994.??.??"]
[EventType "swiss"]
[EventRounds "11"]
[EventCountry "FRA"]
[SourceTitle "EXT 2004"]
[Source "ChessBase"]
[SourceDate "2003.11.25"]
[SourceVersion "1"]
[SourceVersionDate "2003.11.25"]
[SourceQuality "1"]

1. d4 Nf6 2. c4 c5 3. d5 e5 4. Nc3 d6 5. e4 Be7 6. Bd3 0-0 7. f3 Ne8 8. Nge2 Bg5 9. Bxg5 Qxg5 10. g4 Qh4+ 11. Ng3 Na6 12. Qd2 Bd7 13. 0-0-0 g6 14. Rdg1 Kh8 15. Nd1 Nb4 16. Kb1 b5 17. Ne3 Nxd3 18. Ng2 Qh3 19. Qxd3 bxc4 20. Qxc4 Nc7 21. Ne1 Rab8 22. Qc1 Rg8 23. Qg5 Ne8 24. Nf1 f6 25. Qd2 Rg7 26. Rg3 Qh4 27. Ng2 Qg5 28. Qd1 Bb5 29. Nfe3 Rgb7 30. h4 Qh6 31. g5 Qh5 32. Rh2 Bd7 33. Ne1 f5 34. exf5 gxf5 35. g6 hxg6 36. Rg5 Qh7 37. h5 f4 38. Nc4 gxh5+ 39. Ka1 h4 40. Nd3 Bc8 41. Qe1 Qxd3 42. Nxe5 dxe5 43. Qxe5+ Ng7 44. Rxh4+ Qh7 45. Rxg7 Rxg7 46. Qe8+ Rg8 47. Qe5+ 1/2-1/2

[Event "FRA-chT"]
[Site "France"]
[Date "1989.??.??"]
[Round "?"]
[White "Levacic, Damir"]
[Black "Depyl, Pascal"]
[Result "1-0"]
[WhiteElo "2285"]
[BlackElo "1940"]
[PlyCount "77"]
[EventDate "1989.??.??"]
[EventType "team-tourn"]
[EventRounds "11"]
[EventCountry "FRA"]
[SourceTitle "TD"]
[Source "ChessBase"]
[SourceDate "1994.03.01"]
[SourceVersion "1"]
[SourceVersionDate "1994.03.01"]
[SourceQuality "1"]

1. d4 Nf6 2. Nf3 d6 3. Nc3 g6 4. e4 Bg7 5. Be2 0-0 6. 0-0 c6 7. h3 Nbd7 8. e5 Ne8 9. exd6 Nxd6 10. Bg5 Nf6 11. Qc1 Nf5 12. Rd1 Be6 13. g4 Nd6 14. Bh6 Nd5 15. Nxd5 cxd5 16. Bxg7 Kxg7 17. Qe3 Ne4 18. Ne5 f6 19. Nd3 Bf7 20. Bf3 Ng5 21. Bg2 Ne6 22. h4 h6 23. f4 Qd6 24. Rf1 g5 25. fxg5 hxg5 26. h5 Rac8 27. c3 Rc7 28. Rae1 b6 29. Rf5 Nd8 30. Ref1 Rg8 31. Nb4 Be6 32. Nxd5 Bxf5 33. Nxc7 Bxg4 34. Nd5 Be6 35. Nxe7 Qxe7 36. d5 Qc5 37. Qxc5 bxc5 38. dxe6 Nxe6 39. h6+ 1-0

[Event "Cappelle op 03rd"]
[Site "Cappelle la Grande"]
[Date "1987.03.06"]
[Round "7"]
[White "Depyl, Pascal"]
[Black "Izeta Txabarri, Felix"]
[Result "1/2-1/2"]
[WhiteElo "2060"]
[BlackElo "2380"]
[PlyCount "43"]
[EventDate "1987.03.02"]
[EventType "swiss"]
[EventRounds "9"]
[EventCountry "FRA"]
[SourceTitle "EXT 2004"]
[Source "ChessBase"]
[SourceDate "2003.11.25"]
[SourceVersion "1"]
[SourceVersionDate "2003.11.25"]
[SourceQuality "1"]

1. d4 Nf6 2. Nf3 c5 3. e3 g6 4. Bd3 Bg7 5. 0-0 0-0 6. Nbd2 b6 7. Qe2 Bb7 8. c3 d6 9. Re1 Nbd7 10. e4 e5 11. dxe5 dxe5 12. Nc4 Qc7 13. a4 Nh5 14. Na3 a6 15. Bc4 h6 16. Nh4 Kh7 17. Nf5 Nf4 18. Bxf4 gxf5 19. Bg3 fxe4 20. Qh5 Kh8 21. Bh4 f5 22. Rad1 1/2-1/2